UBT Library

Respiratory pharmacology and therapeutics / (Record no. 46978)

000 -LEADER
fixed length control field 00581cam a2200217 i 4500
001 - CONTROL NUMBER
control field 4141166
005 - DATE AND TIME OF LATEST TRANSACTION
control field 20180809075618.0
008 - FIXED-LENGTH DATA ELEMENTS--GENERAL INFORMATION
fixed length control field 780606s1978 paua b 001 0 eng
010 ## - LIBRARY OF CONGRESS CONTROL NUMBER
LC control number 77086023
020 ## - INTERNATIONAL STANDARD BOOK NUMBER
International Standard Book Number 0721697003
040 ## - CATALOGING SOURCE
Original cataloging agency DLC
Transcribing agency DLC
Modifying agency DLC
-- OCoLC
041 ## - LANGUAGE CODE
Language code of text/sound track or separate title eng
080 ## - UNIVERSAL DECIMAL CLASSIFICATION NUMBER
Universal Decimal Classification number 615.72 ZIM
082 00 - DEWEY DECIMAL CLASSIFICATION NUMBER
Classification number 615.72 ZIM
100 1# - Rafti
Rafti 5
101 ## - Shkurtesa
Shkurtesa FAR
245 10 - TITLE STATEMENT
Title Respiratory pharmacology and therapeutics /
Statement of responsibility, etc Irwin Ziment.
504 ## - BIBLIOGRAPHY, ETC. NOTE
Bibliography, etc Includes bibliographical references and index.
906 ## - LOCAL DATA ELEMENT F, LDF (RLIN)
a 7
b cbc
c orignew
d 1
e opcn
f 19
g y-gencatlg
942 ## - ADDED ENTRY ELEMENTS (KOHA)
Source of classification or shelving scheme
Item type Books
Holdings
Withdrawn status Lost status Source of classification or shelving scheme Damaged status Not for loan Collection code Permanent location Current location Shelving location Date acquired Total Checkouts Full call number Barcode Date last seen Price effective from Koha item type
          Koleksioni i përgjithshem UBT - Lipjan UBT - Lipjan Koleksioni i përgjithshem 08/09/2018   615.72 ZIM 002-3010630 08/09/2018 08/09/2018 Books
UBT Library © 2015-2024. All rights reserved University Education for Business and Technology